Responses for show #3440 - Friday, July 16, 1999

Contestants

Ellen Lamb, a regulatory association spokeswoman from Washington, D.C.

Mike Choyke, an attorney from Pearland, Texas

Vic Chandhok, a mediator from New Orleans, Louisiana (whose 1-day cash winnings total $13,500)

Jeopardy! Round responses

CONTINENTS BY VOLCANO
(Alex: We'll give you the volcano, you name the continent.)
IT HAPPENED IN '99
(Alex: But not necessarily 1999 - keep that in mind!)
PEOPLE
BUGS
NO. 1 COUNTRY HITS
"TIE" ME UP
    $100 13
Africa

Vic
    $100 11
Jerusalem

Vic
    $100 2
Axl Rose

Ellen
    $100 17
Tick

Vic
    $100 26
In low places

Mike
    $100 1
Tied by the apron strings

Ellen
    $200 14
(V: What is Australia?)

Antarctica

VicEllen
    $200 15
(E: Who was Robespierre?)

Napoleon

VicEllen
    $200 3
Angela Lansbury

Mike
    $200 18
Firefly

Vic
    $200 27
Shania Twain

Mike
    $200 4
Family Ties

Vic
    $500 12
(V: What is North America?)

South America (in Ecuador)

Vic
    $300 16
Globe Theatre

Vic
    $300 7
(V: Who is Charles Atlas?)

Arnold Schwarzenegger

VicEllen
    $300 19
Stinkbug

Vic
    $300 28
Pure Country

Mike
    $300 5
To tie one on

Vic
    $400 23
Europe (in Greece)

Vic
    $400 22
Switzerland

Ellen
    $400 8
John Tesh

Ellen
    $400 20
Beetle

Vic
    $400 29
(M: What is "Boot Scoot Boogie?")

"Boot Scootin' Boogie"

VicMike
    $400 6
Tiebreaker

Ellen
    $500 25
North America (in Alaska)

Triple Stumper
    $500 24
(E: What is Venice?)

Florence

Ellen
Triple Stumper
    $500 9
Oliver Stone

Mike
    $500 21
Butterflies & moths

Vic
    $500 30
Trisha Yearwood

Triple Stumper
    $500 10
(M: What is a bow tie?)

Black tie

MikeEllen

Scores at the first commercial break (after clue 16):

Vic Mike Ellen
$200 $200 $1,800

Scores at the end of the Jeopardy! Round:

Vic Mike Ellen
$2,500 $400 $1,700

Double Jeopardy! Round responses

ROOF OF THE WORLD
ADVERTISING
WHAT'S YOUR MEDICAL BAG?
(Alex: We're talking about traditional medical specialties for this category.)
SPORTS HISTORY
AUTHORS' AFFAIRS
BEFORE & AFTER
    $200 18
Yak

Mike
    $200 14
Classified ads

Mike
    $200 2
(V: What is anesthesia?)
(Alex: We were going for the medical specialty.)

Anesthesiology

Vic
Triple Stumper
    $200 1
Marathon

Vic
    $200 5
Ernest Hemingway

Mike
    $200 19
Saving Private Ryan O'Neal

Ellen
    $400 20
Mount Everest

Vic
    $400 11
Airplanes

Ellen
    $400 3
Hematology

Mike
    $400 4
North American Soccer League

Ellen
    $400 9
Boris Pasternak

Vic
    $400 24
(minute to go...)

Eric the Red Skelton

Mike
    $600 21
(M: What is Kathmandu?)

Lhasa

VicMike
    $600 15
Kraft

Ellen
    $600 26
Oncology

Ellen
    $600 6
(V: What is middleweight?)

Lightweight

Vic
Triple Stumper
    $800 10
(V: Who was Marguerite Duras?)

Simone de Beauvoir

Vic
    $600 25
T.S. Eliot Ness

Vic
    $800 22
Sanskrit

Ellen
    $800 16
Children's Television

Vic
    $800 29
Orthopedics

Ellen
    $800 7
(V: Who was Bobby Jones?)

Ben Hogan

Vic
Triple Stumper
    $800 12
Thomas Wolfe

Ellen
    $800 27
Neanderthal Man of La Mancha

Vic
    $1,500 23
(E: What is the Yangtze?)

Mekong

Ellen
    $1000 17
Bernbach

Ellen
    $1000 30
(E: What is renalogy?)

Nephrology

VicEllen
    $1000 8
Curt Flood

Vic
    $1000 13
Sinn Fein

Vic
    $1000 28
The Canterbury Tales of the South Pacific

Ellen

Scores at the end of the Double Jeopardy! Round:

Vic Mike Ellen
$6,900 $1,200 $5,800

[wagering suggestions for these scores]

Final Jeopardy! Round responses

U.S. PRESIDENTS
MikeWho are Kennedy & Garfield?
$1,200
EllenWho were Kennedy and Garfield?
$1,200
VicWho are Kennedy and Garfield?
$4,701
James A. Garfield & John F. Kennedy

Final scores:

Vic Mike Ellen
$11,601 $2,400 $7,000
2-day champion: $25,101 3rd place: Vivitar Sport Travel Kit 2nd place: Train Trip through Western Canada

Game dynamics:

Coryat scores:

Vic Mike Ellen
$8,200 $1,200 $7,300
23 R,
7 W
(including 2 DDs)
10 R,
3 W
18 R,
4 W
(including 1 DD)

Combined Coryat: $16,700

The J! Archive is created by fans, for fans. The Jeopardy! game show and all elements thereof, including but not limited to copyright and trademark thereto, are the property of Jeopardy Productions, Inc. and are protected under law. This website is not affiliated with, sponsored by, or operated by Jeopardy Productions, Inc. Join the discussion at JBoard.tv.